00579nam a22001817a 450000500170000001000140001702000260003103500130005703700130007008200110008310000230009424500780011726000370019527000660023230000260029850000500032470000230037420100724123127.0 aENG-96472 a9788124604663c350.00 aEN-80005 bDBAD/PUB a509.34 aBiswal, Sadasiva  aVedic science and technology /cby Sadasiva Biswal [and] Bidyut Lata Roy  aNew DelhibD. K Printworldc2009 aF-52,Bali Nagar,Ramesh Nagar Metro StationbNew Delhie110015 axvi,252p.c23cm (pbk) aIncludes bibliographical references and index a Roy, Bidyut Lata